[Event "IND-chB 52nd"]
[Site "Dharamshala"]
[Date "2014.05.09"]
[Round "1"]
[White "Srivastava, Mithilesh Kumar"]
[Black "Vidit, Santosh Gujrathi"]
[Result "0-1"]
[WhiteElo "1943"]
[BlackElo "2606"]
[PlyCount "54"]
[EventDate "2014.05.09"]
[EventType "swiss"]
[EventRounds "13"]
[EventCountry "IND"]
[SourceTitle "CBM 160 Extra"]
[Source "ChessBase"]
[SourceDate "2014.07.01"]
[SourceVersion "1"]
[SourceVersionDate "2014.07.01"]
[SourceQuality "1"]

1. e4 c5 2. c3 d5 3. exd5 Qxd5 4. Nf3 Nc6 5. d4 Bf5 6. Be3 Nf6 7. Nbd2 cxd4 8. Bc4 dxe3 9. Bxd5 exd2+ 10. Qxd2 0-0-0 11. c4 e6 12. Qf4 Bb4+ 13. Ke2 Bd6 14. Qg5 h6 15. Qxg7 Nh5 16. Qxf7 Nf4+ 17. Kf1 Bd3+ 18. Kg1 exd5 19. g3 Rhf8 20. Qg7 Ne2+ 21. Kg2 Be4 22. Rhe1 Bxf3+ 23. Kf1 Bc5 24. cxd5 Rxd5 25. Qxh6 Rh5 26. Qe6+ Kb8 27. Qxe2 Bxe2+ 0-1